| 000 | 00798nam a2200217Ia 4500 | ||
|---|---|---|---|
| 003 | OSt | ||
| 005 | 20250724163827.0 | ||
| 008 | 221004b |||||||| |||| 00| 0 pan d | ||
| 037 | _cTB | ||
| 040 |
_aCRL _cCRL _bpun |
||
| 041 |
_2pun _apun |
||
| 084 |
_aO153,3NSI9,KA, Q7 _qTB |
||
| 100 |
_aਸਿੰਘ, ਹਰ ਜਗਮੰਦਰ, _9158265 |
||
| 245 | 0 | _aਖੂ ਨੀ ਆਜਾਂਦੀ | |
| 260 |
_aਅੰਮਿ਼ਤਸਰ, ਭਾਰਤ: _bਸਿੰਘ ਬ੍ਰਦਰਗਜ਼, _c2017. |
||
| 300 |
_a120ਪ0 _ccm. |
||
| 650 |
_a ਪੰਜਾਬੀ ਕਹਾਣੀ _9816445 |
||
| 650 | _aਪੰਜਾਬੀ ਸਾਹਿਤ | ||
| 942 |
_hO153,3NSI9,KA, Q7 _cTB _2cc _n0 |
||
| 999 |
_c1023847 _d1023847 |
||